Ναυπηγική βιομηχανία : προποθέσεις επιτυχίας : διπλωματική εργασία

Αποθηκεύτηκε σε:
Λεπτομέρειες βιβλιογραφικής εγγραφής
Κύριος συγγραφέας: Τσιτσιρίγκου, Μαρία
Συγγραφή απο Οργανισμό/Αρχή: Πανεπιστήμιο Αιγαίου Σχολή Επιστημών της Διοίκησης Τμήμα Ναυτιλίας και Επιχειρηματικών Υπηρεσιών Πρόγραμμα Μεταπτυχιακών Σπουδών "Ναυτιλία, Μεταφορές και Διεθνές Εμπόριο - ΝΑ.Μ.Ε."
Άλλοι συγγραφείς: Ρουμπούτσου, Αθηνά (Εισηγητής διατριβής)
Μορφή: Thesis Βιβλίο
Γλώσσα:Greek
Δημοσίευση: 2010
Θέματα:
Διαθέσιμο Online:http://hdl.handle.net/11610/12908
Ετικέτες: Προσθήκη ετικέτας
Δεν υπάρχουν, Καταχωρήστε ετικέτα πρώτοι!

MARC

LEADER 00000cam a2200000 i 4500
001 1/20983
008 120621s2010 gre d
035 |l 10112799 
040 |a GR-MY-UA  |b gre  |e aacr 
041 0 |a gre 
082 0 |a 623.82  |2 (22) 
100 1 |a Τσιτσιρίγκου, Μαρία. 
245 1 0 |a Ναυπηγική βιομηχανία :  |b προποθέσεις επιτυχίας : διπλωματική εργασία /  |c Μαρία Τσιτσιρίγκου ; επιβλέπουσα: Αθηνά Ρουμπούτσου 
260 |c 2010 
300 |a 104 σ.;  |b πίν., διαγρ.;  |c 30 εκ. 
502 # # |a Διατριβή (μεταπτυχιακή) – Πανεπιστήμιο Αιγαίου, Χίος, 2010. 
504 |a Περιλαμβάνει βιβλιογραφία 
650 0 0 |a Shipbuilding industry  |z Greece. 
650 0 0 |a Merchant ships  |x Design. 
650 0 0 |a Boatbuilding. 
650 0 0 |a Naval architecture. 
650 0 0 |a Shipyards. 
650 0 0 |a Dissertations, Academic  |z Greece. 
700 1 |a Ρουμπούτσου, Αθηνά.  |4 ths 
710 1 |a Πανεπιστήμιο Αιγαίου  |b Σχολή Επιστημών της Διοίκησης  |b Τμήμα Ναυτιλίας και Επιχειρηματικών Υπηρεσιών  |b Πρόγραμμα Μεταπτυχιακών Σπουδών "Ναυτιλία, Μεταφορές και Διεθνές Εμπόριο - ΝΑ.Μ.Ε.". 
852 |a INST  |b CHIOS  |c DIATR  |e 20120622  |h 623.82 ΤΣΙ  |p 005200031551  |q 005200031551  |t MTXE  |y 23 
852 |a INST  |b CHIOS  |c DIATR  |e 20120621  |h 623.82 ΤΣΙ  |p 005200031552  |q 005200031552  |t MTXE  |y 23 
856 |u http://hdl.handle.net/11610/12908 
901 |a BIBL2-2012-2 
909 |a Χ  |b 149591 
909 |a Χ  |b 149592 
924 |a ΤΣΙΤΣΙΡΙΓΚΟΥ  |b ΜΑΡΙΑ  |y ΧΙΟΣ  |z 2010-12 
970 |a ΠΑΡΟΙΚΑΚΗ  |b ΒΑΣΙΛΙΚΗ  |z 2012/06/21